ARRUPE JESUIT UNIVERSITY

CORONAVIRUS -STOP THE SPREAD - CLEAN,DISINFECT,COVER

Wind and sea obey him : (Record no. 131532)

MARC details
000 -LEADER
fixed length control field 00946nam a2200277 a 4500
001 - CONTROL NUMBER
control field 3385335
003 - CONTROL NUMBER IDENTIFIER
control field ARRUPE
005 - DATE AND TIME OF LATEST TRANSACTION
control field 20221117120450.0
008 - FIXED-LENGTH DATA ELEMENTS--GENERAL INFORMATION
fixed length control field 891116r19881982mdu b 000 0 eng
010 ## - LIBRARY OF CONGRESS CONTROL NUMBER
LC control number 88062566
020 ## - INTERNATIONAL STANDARD BOOK NUMBER
International Standard Book Number 0870611593 :
Terms of availability $7.95
028 ## - PUBLISHER NUMBER
Source Arrupe
040 ## - CATALOGING SOURCE
Original cataloging agency DLC
Transcribing agency DLC
Modifying agency DLC
050 00 - LIBRARY OF CONGRESS CALL NUMBER
Classification number BT695.5
Item number .F3 1988
082 00 - DEWEY DECIMAL CLASSIFICATION NUMBER
Classification number 231.7
Edition number 20
300 ## - PHYSICAL DESCRIPTION
Dimensions 20 cm.
100 1# - MAIN ENTRY--PERSONAL NAME
Personal name Faricy, Robert L.,
Dates associated with a name 1926-
9 (RLIN) 51862
245 10 - TITLE STATEMENT
Title Wind and sea obey him :
Remainder of title approaches to a theology of nature /
Statement of responsibility, etc Robert Faricy ; with a foreword by Mary Evelyn Jegen.
250 ## - EDITION STATEMENT
Edition statement 1st American ed.
260 ## - PUBLICATION, DISTRIBUTION, ETC. (IMPRINT)
Place of publication, distribution, etc Westminster, MD :
Name of publisher, distributor, etc Christian Classics,
Date of publication, distribution, etc 1988.
300 ## - PHYSICAL DESCRIPTION
Extent xi, 81 p. ;
500 ## - GENERAL NOTE
General note Reprint. Originally published: London : SCM Press, 1982.
504 ## - BIBLIOGRAPHY, ETC. NOTE
Bibliography, etc Includes bibliographical references.
650 #0 - SUBJECT ADDED ENTRY--TOPICAL TERM
Topical term or geographic name as entry element Nature
General subdivision Religious aspects
-- Christianity.
9 (RLIN) 1869
906 ## - LOCAL DATA ELEMENT F, LDF (RLIN)
a 7
b cbc
c orignew
d 3
e opcn
f 19
g y-gencatlg
942 ## - ADDED ENTRY ELEMENTS (KOHA)
Source of classification or shelving scheme Library of Congress Classification
Koha item type Monograph ( Printed materials)
Holdings
Withdrawn status Lost status Source of classification or shelving scheme Damaged status Not for loan Home library Current library Shelving location Date acquired Total Checkouts Full call number Barcode Date last seen Price effective from Koha item type
    Library of Congress Classification     ARRUPE LIBRARY ARRUPE LIBRARY Main Collection 17/11/2022   BT695.5 .F3 1988 46700000042 17/11/2022 17/11/2022 Monograph ( Printed materials)

 

Arrupe Library. PO Box MP320 Mt Pleasant, Harare, Zimbabwe
263 242 745411|librarian@aju.ac.zw